00946cam a22002294a 45000010009000000050017000090080041000260200019000670410008000860800017000941000025001112450105001362640029002413000029002706530057002996530029003566530035003857000021004208560078004418560091005198560106006101429672320230425094119.0060310s2006 enka 001 0 eng  a9780470019153x aeng a616.896 F-561 aFirst, Michael B.d 10aClinical guide to the diagnosis and treatment of mental disorders /cMichael B. First, Allan Tasman. aHoboken :bWiley,c2006. a483 p. :bill. ;c25 cm. aფსიქიკური აშლილობა aმედიცინა aფსიქიატრია1 aTasman, Alland 413Table of contentsuhttp://www.loc.gov/catdir/toc/ecip0610/2006008578.html423Publisher descriptionuhttp://www.loc.gov/catdir/enhancements/fy0659/2006008578-d.html423Contributor biographical informationuhttp://www.loc.gov/catdir/enhancements/fy0740/2006008578-b.html